TEACHING YOUR CHILDREN JY (Record no. 5590)
[ view plain ]
| 000 -LEADER | |
|---|---|
| fixed length control field | 00392nam a22001457a 4500 |
| 020 ## - INTERNATIONAL STANDARD BOOK NUMBER | |
| ISBN | 0-671-88725-4 |
| 082 ## - DEWEY DECIMAL CLASSIFICATION NUMBER | |
| Classification number | 150 |
| Item number | LIN/T |
| 100 ## - MAIN ENTRY--AUTHOR NAME | |
| Personal name | EYRE, LINDA RICHARD |
| 245 ## - TITLE STATEMENT | |
| Title | TEACHING YOUR CHILDREN JY |
| 260 ## - PUBLICATION, DISTRIBUTION, ETC. (IMPRINT) | |
| Place of publication | NEW YORK |
| Name of publisher | SIMON AND SCHUSTER |
| Year of publication | 1994 |
| 300 ## - PHYSICAL DESCRIPTION | |
| Number of Pages | 222 |
| 520 ## - SUMMARY, ETC. | |
| Summary, etc | CONTENTS ON PHYSICAL, MENTAL, EMOTIONAL AND SOCIAL JOYS |
| 650 ## - SUBJECT ADDED ENTRY--TOPICAL TERM | |
| Topical Term | PSYCHOLOGY |
| Geographic subdivision | UNITED STATES |
| 942 ## - ADDED ENTRY ELEMENTS (KOHA) | |
| Koha item type | Books |
| Withdrawn status | Lost status | Collection code | Home library | Current library | Shelving location | Date acquired | Source of acquisition | Full call number | Accession Number | Koha item type |
|---|---|---|---|---|---|---|---|---|---|---|
| Reference | Main Library | Main Library | SHELF 15E--PSYCHOLOGY,JOKES | 08/05/2012 | purchase | 150 LIN/T | 06071 | Books |